<?xml version="1.0" encoding="UTF-8"?>
<record
    xmlns:xsi="http://www.w3.org/2001/XMLSchema-instance"
    xsi:schemaLocation="http://www.loc.gov/MARC21/slim http://www.loc.gov/standards/marcxml/schema/MARC21slim.xsd"
    xmlns="http://www.loc.gov/MARC21/slim">

  <leader>00508nam a2200145Ia 4500</leader>
  <controlfield tag="008">230411s9999    xx            000 0 und d</controlfield>
  <datafield tag="020" ind1=" " ind2=" ">
    <subfield code="a">0-8036-0913-2</subfield>
  </datafield>
  <datafield tag="041" ind1=" " ind2=" ">
    <subfield code="a">eng</subfield>
  </datafield>
  <datafield tag="082" ind1=" " ind2=" ">
    <subfield code="a">MS/610.73677/COX/HIN/B05572</subfield>
  </datafield>
  <datafield tag="100" ind1=" " ind2=" ">
    <subfield code="a">Lubno M Tilley D Cox Helen &amp; Hinz Mittie</subfield>
    <subfield code="9">178610</subfield>
  </datafield>
  <datafield tag="245" ind1=" " ind2=" ">
    <subfield code="a">Clinical Applications Of Nursing Diagnosis : Adult child womens psychiatric gerontic and home health considerations</subfield>
  </datafield>
  <datafield tag="260" ind1=" " ind2=" ">
    <subfield code="b">F A Davis Company</subfield>
    <subfield code="a">Philadelphia</subfield>
    <subfield code="c">2002</subfield>
  </datafield>
  <datafield tag="300" ind1=" " ind2=" ">
    <subfield code="a">752p</subfield>
  </datafield>
  <datafield tag="999" ind1=" " ind2=" ">
    <subfield code="c">156093</subfield>
    <subfield code="d">156093</subfield>
  </datafield>
  <datafield tag="952" ind1=" " ind2=" ">
    <subfield code="0">0</subfield>
    <subfield code="1">0</subfield>
    <subfield code="4">0</subfield>
    <subfield code="7">0</subfield>
    <subfield code="8">MS</subfield>
    <subfield code="a">BTIN</subfield>
    <subfield code="b">BTIN</subfield>
    <subfield code="d">2008-12-30</subfield>
    <subfield code="e">A.D.Kansara Pune.</subfield>
    <subfield code="g">875.00</subfield>
    <subfield code="i">158</subfield>
    <subfield code="l">0</subfield>
    <subfield code="o">MS 610.73677 COX HIN B05572</subfield>
    <subfield code="p">BTIN-BK-5572</subfield>
    <subfield code="r">2023-04-11 00:00:00</subfield>
    <subfield code="v">875.00</subfield>
    <subfield code="w">2008-12-30</subfield>
    <subfield code="y">BK</subfield>
    <subfield code="z">B05572</subfield>
  </datafield>
</record>
